000 00363nam a2200157Ia 4500
008 230711s9999||||xx |||||||||||||| ||und||
041 _aENG
082 _a720
_bWE-E
100 _aMornement ,Adam
245 0 _aExtensions
250 _a1st Ed.
260 _c2007
_aLondon
_bLaurence King Publication Ltd
300 _a256
650 _aArchitecture
942 _cBK
999 _c5364
_d5364